Beyond God the Father : Toward a Philosophy of Women's Liberation /

Gespeichert in:
Bibliographische Detailangaben
1. Verfasser: Daly, Mary (autor)
Format: Buch
Sprache:Englisch
Veröffentlicht: Boston, EUA : Beacon, 1974, c1973
Schriftenreihe:(Beacon Paperback ; 488)
Schlagworte:
Tags: Tag hinzufügen
Keine Tags, Fügen Sie das erste Tag hinzu!

MARC

LEADER 00000nam^a2200000^a^4500
001 000190924
005 20250521000000.0
009 20260310102510.009
020 |a 0-8070-4165-3 
037 |a Acervo ITESO - Biblioteca 
041 |a ING 
082 |a 305. 42  |b DAL 
100 |a Daly, Mary  |e (autor) 
245 1 0 |a Beyond God the Father :  |b Toward a Philosophy of Women's Liberation /  |c M. Daly. 
264 4 |a Boston, EUA :  |b Beacon,  |c 1974, c1973 
300 |a XII, 225 p. 
336 |a texto  |b txt  |2 rdacontenido 
337 |a sin mediación  |b n  |2 rdamedio 
338 |a volumen  |b nc  |2 rdasoporte 
440 1 |a (Beacon Paperback ;  |v 488) 
649 |a XX 
650 |a Mujeres en la Religión 
650 |a Mujeres -  |x Condiciones Sociales y Culturales 
650 |a Feminismo -  |x Filosofía -  |x Tema Principal 
650 |a Movimientos Sociales 
650 |a Patriarcado 
650 |a Cristianismo 
650 |a Sociología de la Religión 
650 |a Filosofía y Religión 
650 |a Religión 
910 |a Fondo General 
920 |a Impresos - Libros 
930 |a Colección General 
905 |a 101 
901 |a 0500134198  |b IT1  |c ACC  |u 20250521 
902 |a https://opac.biblio.iteso.mx/vufind/Record/000190924